000 00496nam a2200181Ia 4500
005 20250326124204.0
008 250326s9999 xx 000 0 und d
037 _aTextbook
040 _aFMSL
_beng
_cFMSL
041 _aeng
_2eng
084 _aX:51 K7;3
_qFMSL
100 _aAdler M K
_9736939
245 0 _aMarketing and market research
_cAdler M K
260 _aLondon
_bLondon, Crosby Lockwood
_c1967
300 _a292p
942 _cTB
_hX:51 K7;3
999 _c1272648
_d1272648